[Event "Zalakaros Barczay Memorial"]
[Site "Zalakaros"]
[Date "2023.06.08"]
[Round "6"]
[White "Fodor, Balazs"]
[Black "Tompa, Janos"]
[Result "1/2-1/2"]
[WhiteElo "2235"]
[BlackElo "2303"]
[PlyCount "68"]
[EventDate "2023.06.03"]
[EventType "swiss"]
[EventRounds "9"]
[EventCountry "HUN"]
[SourceTitle "CBM 214 Extra"]
[Source "ChessBase"]
[SourceDate "2023.07.31"]
[SourceVersion "1"]
[SourceVersionDate "2023.07.31"]
[SourceQuality "1"]

1. d4 Nf6 2. c4 e6 3. Nc3 d5 4. Bg5 Bb4 5. cxd5 exd5 6. e3 Qd6 7. Bf4 Qe7 8. a3 Bd6 9. Bxd6 Qxd6 10. Qc2 c6 11. Bd3 0-0 12. Nf3 Nbd7 13. 0-0 Re8 14. b4 a5 15. b5 c5 16. dxc5 Nxc5 17. Be2 Bg4 18. Rfd1 Rac8 19. Qb2 Bxf3 20. Bxf3 Qe5 21. Rab1 Nce4 22. Ne2 Qxb2 23. Rxb2 Rc5 24. g3 Rec8 25. Kg2 Kf8 26. g4 h6 27. h4 Rc2 28. Rxc2 Rxc2 29. Rc1 Rxc1 30. Nxc1 Nc3 31. Nb3 Nxb5 32. Nxa5 b6 33. Nc6 Nxa3 34. Nb4 g5 1/2-1/2

[Event "Zalakaros Barczay Memorial"]
[Site "Zalakaros"]
[Date "2023.06.06"]
[Round "4"]
[White "Fodor, Balazs"]
[Black "Gergely, Daniel1111"]
[Result "0-1"]
[WhiteElo "2235"]
[BlackElo "2095"]
[PlyCount "92"]
[EventDate "2023.06.03"]
[EventType "swiss"]
[EventRounds "9"]
[EventCountry "HUN"]
[SourceTitle "CBM 214 Extra"]
[Source "ChessBase"]
[SourceDate "2023.07.31"]
[SourceVersion "1"]
[SourceVersionDate "2023.07.31"]
[SourceQuality "1"]

1. d4 d5 2. c4 e6 3. Nf3 c6 4. e3 Nf6 5. Nc3 Nbd7 6. Be2 dxc4 7. a4 Be7 8. 0-0 0-0 9. Bxc4 b6 10. Qe2 c5 11. Rd1 Bb7 12. b3 Qc7 13. Ba3 Nd5 14. Nxd5 exd5 15. Bd3 Rfe8 16. Rac1 Rac8 17. Bb2 Qd6 18. Ba6 Bxa6 19. Qxa6 Rc7 20. Ba3 Nf6 21. Rc2 Qd7 22. Rdc1 Rec8 23. Ne5 Qe6 24. a5 h6 25. h3 Ne4 26. Nd3 Bf8 27. Nf4 Qd7 28. dxc5 Bxc5 29. Bb2 Nxf2 30. Rxc5 Rxc5 31. Rxc5 Rxc5 32. axb6 axb6 33. Qxb6 Ne4 34. b4 Rc2 35. Qb8+ Kh7 36. Bd4 Qf5 37. Qf8 Rc1+ 38. Kh2 Qg5 39. g4 Rc2+ 40. Kg1 Rc1+ 41. Kh2 Rc2+ 42. Kg1 Nf2 43. Nh5 Nxh3+ 44. Kf1 Rc1+ 45. Ke2 Qxg4+ 46. Kd2 Qd1# 0-1

[Event "Zalakaros Barczay Memorial"]
[Site "Zalakaros"]
[Date "2023.06.04"]
[Round "2"]
[White "Fodor, Balazs"]
[Black "Boronyak, Arpad"]
[Result "1-0"]
[WhiteElo "2235"]
[BlackElo "2053"]
[PlyCount "51"]
[EventDate "2023.06.03"]
[EventType "swiss"]
[EventRounds "9"]
[EventCountry "HUN"]
[SourceTitle "CBM 214 Extra"]
[Source "ChessBase"]
[SourceDate "2023.07.31"]
[SourceVersion "1"]
[SourceVersionDate "2023.07.31"]
[SourceQuality "1"]

1. d4 Nf6 2. c4 b6 3. Nc3 Bb7 4. Qc2 g6 5. e4 d6 6. Be2 Bg7 7. Be3 0-0 8. g4 e5 9. d5 Nbd7 10. h4 Nc5 11. g5 Ne8 12. h5 f5 13. gxf6 Nxf6 14. hxg6 a5 15. gxh7+ Kh8 16. Nf3 Bc8 17. Nh4 Qe8 18. 0-0-0 Kxh7 19. Rdg1 Kg8 20. Rg2 Kf7 21. Rhg1 Rg8 22. Bg5 Bh3 23. Rg3 Qd7 24. Bxf6 Kxf6 25. Qd2 Kf7 26. Bh5+ 1-0

[Event "HUN-chT 2223"]
[Site "Hungary"]
[Date "2023.02.19"]
[Round "6.5"]
[White "Mendonca, Leon Luke"]
[Black "Fodor, Balazs"]
[Result "1-0"]
[WhiteElo "2565"]
[BlackElo "2225"]
[PlyCount "95"]
[EventDate "2022.11.20"]
[EventType "team-tourn"]
[EventRounds "9"]
[EventCountry "HUN"]
[SourceTitle "CBM 213 Extra"]
[Source "ChessBase"]
[SourceDate "2023.05.31"]
[SourceVersion "1"]
[SourceVersionDate "2023.05.31"]
[SourceQuality "1"]
[WhiteTeam "Kobanya Aquarena"]
[BlackTeam "Budapest MTK"]
[WhiteTeamCountry "HUN"]
[BlackTeamCountry "HUN"]

1. Nf3 Nf6 2. c4 g6 3. Nc3 Bg7 4. e4 d6 5. d4 0-0 6. Be2 Nbd7 7. 0-0 e5 8. Be3 Ng4 9. Bg5 f6 10. Bh4 g5 11. Bg3 Nh6 12. dxe5 Nxe5 13. Qd5+ Nhf7 14. Rad1 Qe7 15. Nd4 c6 16. Qa5 Nh6 17. Qa3 Rd8 18. Rd2 Bf8 19. Rfd1 Qf7 20. b3 Qg6 21. Qa5 Nhf7 22. Nf3 Re8 23. Nxe5 fxe5 24. h3 h5 25. Bh2 g4 26. h4 Be6 27. Bg3 Qf6 28. b4 a6 29. Qb6 Qe7 30. a4 Rac8 31. Rb2 Red8 32. a5 Nh8 33. c5 Ng6 34. cxd6 Rxd6 35. Rxd6 Qxd6 36. Qxb7 Qd4 37. Rc2 Bxb4 38. Nd5 cxd5 39. Rxc8+ Bxc8 40. Qxc8+ Kg7 41. Qd7+ Kh6 42. exd5 Bxa5 43. Qf5 Bd8 44. Bd3 Qb6 45. Bxe5 Bxh4 46. g3 Nxe5 47. Qf8+ Kg5 48. Qf4# 1-0

[Event "HUN-chT 2223"]
[Site "Hungary"]
[Date "2023.02.12"]
[Round "5.5"]
[White "Fodor, Balazs"]
[Black "Toth, Ervin"]
[Result "0-1"]
[WhiteElo "2225"]
[BlackElo "2432"]
[PlyCount "100"]
[EventDate "2022.11.20"]
[EventType "team-tourn"]
[EventRounds "9"]
[EventCountry "HUN"]
[SourceTitle "CBM 213 Extra"]
[Source "ChessBase"]
[SourceDate "2023.05.31"]
[SourceVersion "1"]
[SourceVersionDate "2023.05.31"]
[SourceQuality "1"]
[WhiteTeam "Budapest MTK"]
[BlackTeam "Biatorbagy"]
[WhiteTeamCountry "HUN"]
[BlackTeamCountry "HUN"]

1. d4 g6 2. c4 Bg7 3. Nc3 Nf6 4. e4 d6 5. Nf3 0-0 6. Be2 c5 7. 0-0 Na6 8. d5 Nc7 9. h3 a6 10. a4 e5 11. a5 Nh5 12. Na4 Nf4 13. Bxf4 exf4 14. Nb6 Rb8 15. Qd2 g5 16. Rab1 Re8 17. b4 cxb4 18. Qxb4 g4 19. hxg4 Bxg4 20. c5 dxc5 21. Qxc5 Rxe4 22. Qc2 Re8 23. Rfd1 Qd6 24. Rbc1 Nb5 25. Bxb5 axb5 26. Qb3 Rbd8 27. Rd3 Bf5 28. Rdd1 Bg4 29. Rd3 Re4 30. Rdd1 Rde8 31. Kf1 b4 32. Rc4 Bc3 33. Rxe4 Rxe4 34. Qc2 Bf5 35. Qa4 Bg4 36. Qc2 Re8 37. Qd3 Qg6 38. Qb5 Rd8 39. Qa4 Bf5 40. Rc1 Bd3+ 41. Kg1 Be4 42. Qd1 h6 43. Qe2 Bf6 44. Re1 Bd3 45. Qd1 Bc2 46. Qe2 b3 47. Ne5 Qf5 48. Nbc4 Rxd5 49. Ng4 Bg7 50. Qe8+ Kh7 0-1

[Event "HUN-chT 2223"]
[Site "Hungary"]
[Date "2023.01.29"]
[Round "4.5"]
[White "Sedlak, Nikola"]
[Black "Fodor, Balazs"]
[Result "1-0"]
[WhiteElo "2482"]
[BlackElo "2225"]
[PlyCount "115"]
[EventDate "2022.11.20"]
[EventType "team-tourn"]
[EventRounds "9"]
[EventCountry "HUN"]
[SourceTitle "CBM 213 Extra"]
[Source "ChessBase"]
[SourceDate "2023.05.31"]
[SourceVersion "1"]
[SourceVersionDate "2023.05.31"]
[SourceQuality "1"]
[WhiteTeam "Paks"]
[BlackTeam "Budapest MTK"]
[WhiteTeamCountry "HUN"]
[BlackTeamCountry "HUN"]

1. d4 Nf6 2. c4 g6 3. Nc3 Bg7 4. e4 d6 5. Nf3 0-0 6. Be2 e5 7. 0-0 Nc6 8. d5 Ne7 9. Kh1 Kh8 10. Ne1 Nd7 11. Be3 f5 12. f3 f4 13. Bg1 g5 14. Nd3 Ng6 15. c5 h5 16. cxd6 cxd6 17. Nb5 Nf6 18. Rc1 Rf7 19. Nxa7 Bd7 20. Qb3 g4 21. Qxb7 g3 22. Nc6 Qg8 23. hxg3 fxg3 24. Be3 Raf8 25. Qb4 Qh7 26. Qxd6 Ne8 27. Qb8 Bxc6 28. dxc6 Nc7 29. Qb3 h4 30. Nf2 gxf2 31. Rxf2 Nf4 32. Bf1 Nfe6 33. Bc4 Qg6 34. Qd1 Rd8 35. Rd2 Rxd2 36. Qxd2 h3 37. Rf1 Bf8 38. gxh3 Qh5 39. Rf2 Rxf3 40. Bf1 Rxf2 41. Qxf2 Qe8 42. Qh4+ Kg8 43. Qg4+ Bg7 44. Bc4 Qxc6 45. b3 Kf7 46. h4 Ke7 47. h5 Bf6 48. Qg6 Qd6 49. Kh2 Nf4 50. Qf7+ Kd8 51. h6 Be7 52. Qg8+ Kd7 53. Qg7 Qf6 54. Qxf6 Bxf6 55. Kg3 Nfe6 56. Kg4 Nd4 57. Kh5 Ke7 58. h7 1-0

[Event "HUN-chT 2223"]
[Site "Hungary"]
[Date "2022.12.18"]
[Round "3.6"]
[White "Fodor, Balazs"]
[Black "Nayhebaver, Martin"]
[Result "0-1"]
[WhiteElo "2225"]
[BlackElo "2533"]
[PlyCount "92"]
[EventDate "2022.11.20"]
[EventType "team-tourn"]
[EventRounds "9"]
[EventCountry "HUN"]
[SourceTitle "CBM 213 Extra"]
[Source "ChessBase"]
[SourceDate "2023.05.31"]
[SourceVersion "1"]
[SourceVersionDate "2023.05.31"]
[SourceQuality "1"]
[WhiteTeam "Budapest MTK"]
[BlackTeam "Haladas"]
[WhiteTeamCountry "HUN"]
[BlackTeamCountry "HUN"]

1. d4 Nf6 2. c4 e6 3. g3 Bb4+ 4. Nd2 a5 5. Bg2 d6 6. Ngf3 Nc6 7. 0-0 e5 8. Nb1 exd4 9. Nxd4 Bd7 10. a3 Bc5 11. Nxc6 Bxc6 12. Nc3 Bxg2 13. Kxg2 Qd7 14. Bg5 Ng4 15. e4 0-0 16. Bf4 Rae8 17. h3 Ne5 18. Bxe5 Rxe5 19. f4 Ree8 20. f5 f6 21. Qd3 c6 22. Rad1 Qe7 23. Rfe1 Rd8 24. Ne2 Qe5 25. Nc3 Rfe8 26. Re2 Kf8 27. g4 Ba7 28. Qg3 Qe7 29. h4 Bb8 30. Qf3 Qe5 31. Kf1 Ba7 32. Kg2 Bd4 33. Qd3 Ba7 34. Qf3 Qc5 35. Qd3 Re7 36. Kf3 Qe5 37. Kg2 Bb8 38. Qf3 Rde8 39. Kf1 Ba7 40. Red2 Qc5 41. Kg2 Qxc4 42. Rxd6 Qb3 43. R1d2 Qb6 44. Kh3 Bb8 45. Nd5 Qc5 46. Nxe7 Bxd6 0-1

[Event "Budapest Vezerkepzo IM 12"]
[Site "Budapest"]
[Date "2022.12.17"]
[Round "4"]
[White "Chen, Jonathan"]
[Black "Fodor, Balazs"]
[Result "1/2-1/2"]
[WhiteElo "2193"]
[BlackElo "2228"]
[PlyCount "85"]
[EventDate "2022.12.14"]
[EventType "tourn"]
[EventRounds "9"]
[EventCountry "HUN"]
[SourceTitle "CBM 211 Extra"]
[Source "ChessBase"]
[SourceDate "2023.01.31"]
[SourceVersion "1"]
[SourceVersionDate "2023.01.31"]
[SourceQuality "1"]

1. d4 d5 2. c4 c6 3. Nc3 Nf6 4. cxd5 cxd5 5. f3 e6 6. e4 Nc6 7. e5 Ng8 8. f4 h5 9. Nf3 Nh6 10. Be3 h4 11. Bf2 Be7 12. g3 Ng4 13. Bh3 Nxf2 14. Kxf2 Bd7 15. Rc1 Rc8 16. g4 g6 17. g5 Qa5 18. Qd2 Kf8 19. Rhg1 Kg7 20. Rg4 b5 21. a3 b4 22. axb4 Bxb4 23. Rgg1 Qb6 24. Qe3 Ne7 25. Rgd1 a5 26. Nd2 a4 27. Ndb1 Bxc3 28. bxc3 a3 29. Rd2 Ra8 30. Ra2 Qb3 31. Ra1 Qb2+ 32. Nd2 a2 33. Qd3 Rhb8 34. Qc2 Ba4 35. Qxb2 Rxb2 36. Ke1 Nc6 37. Bg4 Na5 38. Bd1 Bxd1 39. Kxd1 Nc4 40. Nxc4 dxc4 41. Rc2 Rb1+ 42. Rc1 Rb2 43. Rc2 1/2-1/2

[Event "Budapest Vezerkepzo IM 12"]
[Site "Budapest"]
[Date "2022.12.15"]
[Round "2"]
[White "Fodor, Balazs"]
[Black "Daroczi, Donat"]
[Result "0-1"]
[WhiteElo "2228"]
[BlackElo "2142"]
[PlyCount "72"]
[EventDate "2022.12.14"]
[EventType "tourn"]
[EventRounds "9"]
[EventCountry "HUN"]
[SourceTitle "CBM 211 Extra"]
[Source "ChessBase"]
[SourceDate "2023.01.31"]
[SourceVersion "1"]
[SourceVersionDate "2023.01.31"]
[SourceQuality "1"]

1. d4 Nf6 2. c4 b6 3. Nc3 Bb7 4. a3 g6 5. d5 Bg7 6. e4 d6 7. Nf3 0-0 8. Be2 Nbd7 9. 0-0 e6 10. h3 Nc5 11. Qc2 Re8 12. Nd2 exd5 13. cxd5 Nxd5 14. exd5 Bxc3 15. Qxc3 Rxe2 16. b4 Na4 17. Qd4 Re5 18. Nf3 Rxd5 19. Qe4 Qd7 20. Re1 c5 21. Qh4 Rh5 22. Qg3 Re8 23. Bf4 Nc3 24. Ng5 Ne2+ 25. Rxe2 Rxe2 26. Rd1 Qe7 27. Rxd6 h6 28. Nf3 Bxf3 29. Qxf3 Rf5 30. Qa8+ Kh7 31. Bg3 Rfxf2 32. Rd8 Rxg2+ 33. Kh1 Rxg3 34. Rh8+ Kg7 35. Rg8+ Kf6 36. Qc6+ Re6 0-1

[Event "Budapest SixDays 11 IM"]
[Site "Budapest"]
[Date "2022.11.29"]
[Round "3"]
[White "Fodor, Balazs"]
[Black "Paasikangas Tella, Johanna"]
[Result "0-1"]
[WhiteElo "2225"]
[BlackElo "2087"]
[PlyCount "182"]
[EventDate "2022.11.28"]
[EventType "tourn"]
[EventRounds "9"]
[EventCountry "HUN"]
[SourceTitle "CBM 211 Extra"]
[Source "ChessBase"]
[SourceDate "2023.01.31"]
[SourceVersion "1"]
[SourceVersionDate "2023.01.31"]
[SourceQuality "1"]

1. d4 Nf6 2. c4 g6 3. g3 Bg7 4. Bg2 0-0 5. Nc3 d6 6. Nf3 Nbd7 7. 0-0 e5 8. e4 exd4 9. Nxd4 Re8 10. h3 Ne5 11. b3 Bd7 12. Be3 Qc8 13. Kh2 a6 14. Rc1 Rb8 15. Nd5 Nh5 16. f4 Nc6 17. Qd2 Qd8 18. Rcd1 Ne7 19. Rfe1 Kh8 20. Nf3 Nxd5 21. exd5 Nf6 22. Bd4 Rxe1 23. Rxe1 Kg8 24. Bg1 c6 25. dxc6 Bxc6 26. Qb4 Ne8 27. Rd1 Qe7 28. Re1 Qd7 29. Bb6 Rc8 30. Rd1 Qe7 31. a4 Bf8 32. Re1 Qd7 33. Qc3 Bg7 34. Bd4 Bxd4 35. Qxd4 Ng7 36. Ng5 Bxg2 37. Kxg2 Qc6+ 38. Kh2 h6 39. Ne4 Ne8 40. h4 h5 41. f5 gxf5 42. Ng5 Qc5 43. Qxc5 dxc5 44. Re7 Nd6 45. Rd7 Rc6 46. Nh3 Kf8 47. Rd8+ Ke7 48. Rh8 Rb6 49. Nf4 Rxb3 50. Rxh5 Rb2+ 51. Kh3 Rc2 52. Nd5+ Ke6 53. Nf4+ Ke5 54. Rh8 Rxc4 55. h5 Rxa4 56. h6 Ne4 57. Kh4 Nxg3 58. Kxg3 Ra3+ 59. Kh4 Kxf4 60. Rg8 Ra1 61. Rg3 Rh1+ 62. Rh3 Rd1 63. Rb3 b5 64. Ra3 Rd8 65. Rxa6 Rd1 66. Kh3 Rh1+ 67. Kg2 Rh4 68. Rc6 c4 69. Rb6 Kg5 70. Rxb5 Rxh6 71. Rc5 Rh4 72. Rc6 Rd4 73. Kf3 f4 74. Rc8 Rd3+ 75. Kf2 c3 76. Rc7 f5 77. Rc8 Re3 78. Rc6 Rd3 79. Rc8 Kf6 80. Ke2 Re3+ 81. Kf2 Ke5 82. Rc4 Rh3 83. Kg2 Rd3 84. Kf2 f3 85. Rc8 f4 86. Ke1 Kd4 87. Kf2 Re3 88. Rd8+ Kc4 89. Rf8 Rd3 90. Ke1 c2 91. Rc8+ Kb3 0-1

[Event "Zalakaros Barczay Memorial"]
[Site "Zalakaros"]
[Date "2022.06.11"]
[Round "7"]
[White "Ianov, Viktor"]
[Black "Fodor, Balazs"]
[Result "1/2-1/2"]
[WhiteElo "2279"]
[BlackElo "2126"]
[PlyCount "118"]
[EventDate "2022.06.05"]
[EventType "swiss"]
[EventRounds "9"]
[EventCountry "HUN"]
[SourceTitle "CBM 208 Extra"]
[Source "ChessBase"]
[SourceDate "2022.07.31"]
[SourceVersion "1"]
[SourceVersionDate "2022.07.31"]
[SourceQuality "1"]

1. Nf3 Nf6 2. g3 g6 3. b3 Bg7 4. Bb2 0-0 5. Bg2 c5 6. c4 d6 7. d4 cxd4 8. Nxd4 d5 9. cxd5 Nxd5 10. 0-0 Nc6 11. Nxc6 bxc6 12. Bxg7 Kxg7 13. Qc2 Qb6 14. Nc3 Qc5 15. Rac1 Qxc3 16. Qxc3+ Nxc3 17. Rxc3 Bb7 18. Bxc6 Bxc6 19. Rxc6 a5 20. Rfc1 a4 21. b4 Rfd8 22. a3 Rd2 23. R6c2 Rd5 24. Kg2 Ra6 25. Rc6 Ra8 26. Rc8 Ra6 27. R1c6 Rxc6 28. Rxc6 Rd2 29. Ra6 Rxe2 30. Rxa4 Rb2 31. Ra5 f5 32. h4 Kf6 33. Rc5 e5 34. Rc6+ Kg7 35. Rc7+ Kh6 36. Kf1 e4 37. Rc3 Kh5 38. Kg2 Kg4 39. Rc4 Rb3 40. a4 Rb2 41. b5 h6 42. a5 Rxb5 43. Ra4 Kh5 44. a6 Rb8 45. a7 Ra8 46. Kf1 g5 47. hxg5 hxg5 48. Kg2 f4 49. gxf4 gxf4 50. Rxe4 Rxa7 51. Rxf4 Kg5 52. Rf8 Ra4 53. Kg3 Rg4+ 54. Kf3 Ra4 55. Rg8+ Kf5 56. Kg3 Ra3+ 57. f3 Rb3 58. Ra8 Rb5 59. Rf8+ Ke5 1/2-1/2

[Event "HUN-chT2 Maroczy 1819"]
[Site "Hungary"]
[Date "2019.02.10"]
[Round "7.12"]
[White "Fodor, Balazs"]
[Black "Benedek, Istvan1111"]
[Result "1-0"]
[WhiteElo "2136"]
[BlackElo "2011"]
[PlyCount "72"]
[EventDate "2018.09.23"]
[EventType "team-tourn"]
[EventRounds "11"]
[EventCountry "HUN"]
[SourceTitle "EXT 2020"]
[Source "ChessBase"]
[SourceDate "2019.10.17"]
[SourceVersion "1"]
[SourceVersionDate "2019.10.17"]
[SourceQuality "1"]
[WhiteTeam "Budapest MTK"]
[BlackTeam "Szigetszentmiklos"]
[WhiteTeamCountry "HUN"]
[BlackTeamCountry "HUN"]

1. d4 Nf6 2. c4 g6 3. Nc3 Bg7 4. e4 d6 5. f3 0-0 6. Be3 a6 7. Qd2 Nc6 8. Nge2 Rb8 9. d5 Na5 10. Nd4 c5 11. dxc6 bxc6 12. b3 d5 13. cxd5 cxd5 14. e5 Ne8 15. f4 f6 16. Nf3 fxe5 17. Nxe5 Bxe5 18. fxe5 e6 19. Rc1 Bb7 20. Bg5 Qc7 21. Bf4 Nc6 22. Be2 Ng7 23. 0-0 Nf5 24. Na4 Qa5 25. Qxa5 Nxa5 26. Nc5 Nd4 27. Bd3 Rf7 28. Bh6 Rxf1+ 29. Rxf1 Nf5 30. Bd2 Nc6 31. Nxe6 Nxe5 32. Bxf5 gxf5 33. Rxf5 Ng6 34. Nc5 Ne7 35. Rg5+ Kf7 36. Bf4 h6 1-0

[Event "Boeblinger op 35th"]
[Site "Boeblingen"]
[Date "2018.12.26"]
[Round "1"]
[White "Ochsner, Bjorn Moller"]
[Black "Fodor, Balazs"]
[Result "1-0"]
[WhiteElo "2457"]
[BlackElo "2133"]
[PlyCount "51"]
[EventDate "2018.12.26"]
[EventType "swiss"]
[EventRounds "9"]
[EventCountry "GER"]
[SourceTitle "CBM 188 Extra"]
[Source "ChessBase"]
[SourceDate "2019.02.26"]
[SourceVersion "1"]
[SourceVersionDate "2019.02.26"]
[SourceQuality "1"]

1. e4 e6 2. d4 d5 3. Nd2 Nc6 4. Ngf3 Nf6 5. e5 Nd7 6. c3 f6 7. exf6 Qxf6 8. Bb5 Bd6 9. 0-0 0-0 10. Qb3 Qf7 11. c4 Na5 12. Qc3 Nxc4 13. Bxc4 dxc4 14. Nxc4 Nb6 15. Nxd6 cxd6 16. Qa3 Qc7 17. Ng5 Qc6 18. Qd3 Rf5 19. h4 Qc4 20. Qxc4 Nxc4 21. b3 Nb6 22. Re1 e5 23. dxe5 Rxe5 24. Bb2 Bd7 25. Bxe5 dxe5 26. Nf3 1-0

[Event "HUN-chT2 Erkel 1819"]
[Site "Hungary"]
[Date "2018.12.02"]
[Round "3.2"]
[White "Fodor, Balazs"]
[Black "Horvath, Gabor"]
[Result "0-1"]
[WhiteElo "2136"]
[BlackElo "2143"]
[PlyCount "84"]
[EventDate "2018.10.28"]
[EventType "team-tourn"]
[EventRounds "9"]
[EventCountry "HUN"]
[SourceTitle "EXT 2021"]
[Source "ChessBase"]
[SourceDate "2020.10.23"]
[SourceVersion "1"]
[SourceVersionDate "2020.10.23"]
[SourceQuality "1"]
[WhiteTeam "Budapest MTK II"]
[BlackTeam "Varosgazda Akademia"]
[WhiteTeamCountry "HUN"]
[BlackTeamCountry "HUN"]

1. d4 Nf6 2. Nf3 g6 3. g3 Bg7 4. Bg2 0-0 5. 0-0 d6 6. b3 Nbd7 7. Bb2 e5 8. dxe5 Ng4 9. c4 Ngxe5 10. Nc3 Nxf3+ 11. exf3 Nc5 12. f4 h5 13. Qd2 Bf5 14. Rad1 c6 15. Ba3 Qa5 16. Nb1 Qa6 17. Qxd6 Ne6 18. Qb4 Rfd8 19. c5 Bd3 20. Nd2 Bxf1 21. Bxf1 b5 22. cxb6 Qxb6 23. Nc4 Qc7 24. Rxd8+ Rxd8 25. Qe1 Nd4 26. Qe4 Qd7 27. Ne3 Re8 28. Qb1 h4 29. Bc4 Nf3+ 30. Kg2 Nd2 31. Qd3 h3+ 32. Kg1 Nf3+ 33. Kh1 Qxd3 34. Bxd3 Bd4 35. Bc1 Ne1 36. Bf1 Rd8 37. Bxh3 Nd3 38. Bd2 Nxf2+ 39. Kg2 Ne4 40. Bc1 Nc3 41. a3 Bb6 42. Kf3 Na2 0-1

[Event "HUN-chT2 Maroczy 1819"]
[Site "Hungary"]
[Date "2018.11.18"]
[Round "4.11"]
[White "Fodor, Balazs"]
[Black "Horvath, Kristof"]
[Result "1-0"]
[WhiteElo "2136"]
[BlackElo "2015"]
[PlyCount "55"]
[EventDate "2018.09.23"]
[EventType "team-tourn"]
[EventRounds "11"]
[EventCountry "HUN"]
[SourceTitle "EXT 2020"]
[Source "ChessBase"]
[SourceDate "2019.10.17"]
[SourceVersion "1"]
[SourceVersionDate "2019.10.17"]
[SourceQuality "1"]
[WhiteTeam "Budapest MTK"]
[BlackTeam "Lillafured DVTK II"]
[WhiteTeamCountry "HUN"]
[BlackTeamCountry "HUN"]

1. d4 d5 2. Nf3 e6 3. c4 Nf6 4. Nc3 Be7 5. Bg5 h6 6. Bh4 0-0 7. Rc1 dxc4 8. e3 Nd5 9. Bxe7 Qxe7 10. Bxc4 Rd8 11. Qe2 Nb6 12. Bd3 Nc6 13. Be4 a5 14. 0-0 e5 15. Bxc6 bxc6 16. Nxe5 Ba6 17. Qf3 Qe8 18. Rfd1 c5 19. dxc5 Qxe5 20. cxb6 cxb6 21. Rd7 f6 22. Rcd1 Rdc8 23. R1d5 Qe6 24. Qg3 g5 25. Qf3 Rc6 26. R5d6 Qc4 27. h3 Rac8 28. Qxf6 1-0

[Event "HUN-chT2 Maroczy 1819"]
[Site "Hungary"]
[Date "2018.10.07"]
[Round "2.11"]
[White "Fodor, Balazs"]
[Black "Metaxasz, Vaszilisz"]
[Result "0-1"]
[WhiteElo "2136"]
[BlackElo "1993"]
[PlyCount "86"]
[EventDate "2018.09.23"]
[EventType "team-tourn"]
[EventRounds "11"]
[EventCountry "HUN"]
[SourceTitle "EXT 2020"]
[Source "ChessBase"]
[SourceDate "2019.10.17"]
[SourceVersion "1"]
[SourceVersionDate "2019.10.17"]
[SourceQuality "1"]
[WhiteTeam "Budapest MTK"]
[BlackTeam "Taban Spartacus"]
[WhiteTeamCountry "HUN"]
[BlackTeamCountry "HUN"]

1. d4 Nf6 2. Nf3 e6 3. c4 d5 4. Nc3 b6 5. cxd5 exd5 6. Bg5 Be7 7. e3 Bb7 8. Bd3 Nbd7 9. 0-0 0-0 10. Rc1 Re8 11. Bf4 a6 12. Bxc7 Qxc7 13. Nxd5 Qd6 14. Nc7 Ne4 15. Nxe8 Rxe8 16. Qc2 Bd8 17. Rfd1 h6 18. Ne5 Ng5 19. Qa4 b5 20. Bxb5 Nb6 21. Bxe8 Nxa4 22. Bxa4 Bf6 23. Nc6 g6 24. a3 Ne4 25. b4 Nxf2 26. Kxf2 Qxh2 27. Rg1 Bh4+ 28. Ke2 Qg3 29. Rcf1 Qg4+ 30. Kd3 Qe6 31. Ne5 f6 32. Nf3 Be4+ 33. Kc3 Bd5 34. e4 Qxe4 35. Rd1 Bg3 36. Bc2 Qe3+ 37. Rd3 Qe2 38. a4 Qe6 39. Kb2 Qb6 40. Ka3 Bd6 41. Rb1 a5 42. Bb3 Qxb4+ 43. Ka2 Qa3# 0-1

[Event "HUN-chT 1718"]
[Site "Hungary"]
[Date "2018.03.04"]
[Round "7.10"]
[White "Fodor, Balazs"]
[Black "Balint, Vilmos"]
[Result "1-0"]
[WhiteElo "2102"]
[BlackElo "2251"]
[PlyCount "87"]
[EventDate "2017.11.25"]
[EventType "team-tourn"]
[EventRounds "9"]
[EventCountry "HUN"]
[SourceTitle "EXT 2019"]
[Source "ChessBase"]
[SourceDate "2018.10.10"]
[SourceVersion "1"]
[SourceVersionDate "2018.10.10"]
[SourceQuality "1"]
[WhiteTeam "Budapest MTK"]
[BlackTeam "Dunaharaszti"]
[WhiteTeamCountry "HUN"]
[BlackTeamCountry "HUN"]

1. d4 Nf6 2. c4 e6 3. Nf3 Bb4+ 4. Nbd2 0-0 5. a3 Be7 6. Qc2 d5 7. e3 Nbd7 8. cxd5 exd5 9. b4 Ne8 10. Bd3 h6 11. Bb2 Nd6 12. Ne5 Nxe5 13. dxe5 Ne8 14. 0-0 c6 15. f4 f5 16. Nb3 Nc7 17. Nd4 g6 18. g4 Nb5 19. Nxc6 bxc6 20. Qxc6 Qb6 21. Qxb6 axb6 22. Bxb5 fxg4 23. Bc6 Ra7 24. Bxd5+ Kh7 25. Rac1 Ba6 26. Rf2 Rd8 27. e4 Rf8 28. Rc6 Bh4 29. Rfc2 Bd8 30. Bc1 Bb5 31. Rc8 h5 32. e6 Bd3 33. R2c3 Ba6 34. Ra8 Rxa8 35. Bxa8 Bf6 36. Rc7+ Kh8 37. e5 Bxe5 38. fxe5 Rxa8 39. Bg5 Kg8 40. Bf6 Rc8 41. Rg7+ Kf8 42. Rh7 Rc1+ 43. Kf2 g3+ 44. hxg3 1-0